| 000 | 00860nam a2200157 4500 | ||
|---|---|---|---|
| 008 | 862.728.6 M778f | ||
| 020 | _a9789930572047 | ||
| 082 |
_a862.728.6 _bM778f |
||
| 100 |
_aMontero Zeledón, María _92761 |
||
| 245 | _afieras domésticas | ||
| 260 |
_aSan José, Costa Rica _bEdiciones Perro Azul _c2019 |
||
| 300 |
_a182 p. _c14 x 21 cm |
||
| 440 |
_aColección Crónica No/Ficcón _97152 |
||
| 505 |
_tI PARTE _tOpera sórdida _tEl nombre de la rosa _tHermano Pedro _tLa unidad de tres _tRetrato con fieras _tSanta Sangre _tHoy es siempre todavía _tUn nómada a la deriva _tII PARTE _tEl Ovnipresente _tEl Mercurio _tLa Rosa _tEl Líder _tEl Artista _tEl Sociólogo _tEl Acelerado _tEl Alquimista _tEl Español _tEl Ratón _tEl Chunchón _tLa Bandera _tLa Amorosa _tLa Joya _tEl Estilista |
||
| 650 |
_xliteratura _xno ficción _xrelatos - prensa escrita _xCosta Rica _97153 |
||
| 999 |
_c1838 _d1838 |
||